Bloodchild and Other Stories
Saved in:
| Hovedforfatter: | |
|---|---|
| Format: | Ukendt |
| Sprog: | engelsk |
| Udgivet: |
New York, USA:
Seven Stories Press,
1996
|
| Fag: | |
| Tags: |
Tilføj Tag
Ingen Tags, Vær først til at tagge denne postø!
|
MARC
| LEADER | 00000 a2200000 4500 | ||
|---|---|---|---|
| 003 | CL-VaPUC | ||
| 005 | 20220119084815.0 | ||
| 008 | 220114b1996 ||||| |||| 00| 0 eng d | ||
| 999 | |c 433964 |d 433962 | ||
| 020 | |a 978-1888363364 | ||
| 040 | |c Pontificia Universidad Católica de Valparaíso | ||
| 082 | 7 | |a 813.54 BUT 1996 |2 22 | |
| 100 | |a Butler, Octavia E. |9 864170 | ||
| 245 | |a Bloodchild and Other Stories | ||
| 260 | |a New York, USA: |b Seven Stories Press, |c 1996 | ||
| 300 | |a 145 páginas | ||
| 583 | |k Cristina María Rojas Aguilar |c 20220114 | ||
| 650 | |a Ciencia ficción |x Novelas estadounidenses |9 865823 | ||
| 650 | 0 | |a Mujeres |9 257649 |x Ficción | |
| 650 | 0 | |a Exobiología |9 865824 | |
| 942 | |2 ddc |c BK | ||
| 952 | |0 0 |1 0 |2 ddc |4 0 |6 813_540000000000000_BUT_1996 |7 0 |8 A |9 580474 |a BIBEDU |b BIBEDU |c GEN |d 2022-01-12 |e 3 |g 58488.00 |i 5637317 |o 813.54 BUT 1996 |p 5637317 |r 2022-01-12 |t 1 |v 58488.00 |w 2022-01-12 |y BK |k LIT | ||